000 00314nam a22001337a 4500
008 170609b xxu||||| |||| 00| 0 eng d
020 _a9781560255178
041 _aeng
080 _a32
100 _a19
101 _aSHP
245 _aTHE BEST AMERICAN POLITICAL WRITING 2003
_cFLIPPIN.R
942 _2udc
_cBK
999 _c16613
_d16613